00447nam a2200181Ia 4500003000400000005001700004008004100021020002200062040000700084041000800091082002300099100002000122245003600142260004500178300001100223365001300234650001800247OSt20230706114623.0210423s2011 xx 000 0 und d a978-0-19-562622-3 cAL aeng a822.914 223bKARN aKARNAD (Girish) aNaga mandala: play with a cobra aNew DelhibOxford University Pressc2011 a46bPB b100cINR aEnglish Drama